00693nam a2200217Ia 450000500170000000800410001702000180005804000180007604100080009408200260010224500920012825000120022026000500023230000270028265000500030965000190035965000330037870000230041170000200043470000210045420250118102551.0210716s2008 xx 000 0 und d a9788173198823 cAIMIT LIBRARY aeng a001.0725118 21bNADR aMathematical and computational models /cEdited by R Nadarajan, R Anitha and C Porkodi. a1st ed. aNew Delhi :bNarisa Publishing House ,c2008. ax,541p. ;bHBc25.8 cm aStochastic models and optimization techniques aSoft computing aTheoretical computer science aNadarajan, R., ed. aAnitha, R., ed. aPorkodi, C., ed.